| 000 | 00499nam a22001697a 4500 | ||
|---|---|---|---|
| 005 | 20240110073942.0 | ||
| 008 | 231031b |||||||| |||| 00| 0 eng d | ||
| 041 | _aEnglish | ||
| 082 | _a347.6 HOF | ||
| 100 |
_aHoffmann, LH _lEnglish |
||
| 245 |
_aSouth African Law of Evidence / _cLH Hoffmann |
||
| 250 | _aFirst Edition | ||
| 260 |
_aDurban : _bButterworths, _c1963 |
||
| 300 |
_blxiv, 426 pages ; _c26 cm. |
||
| 650 |
_alegal practice _bLaw |
||
| 942 |
_cBK _6ALISON_BN_VRIES |
||
| 999 |
_c157 _d157 |
||